000 00424nam a2200121Ia 4500
008 220615s9999||||xx |||||||||||||| ||und||
245 0 _aSmall Nations and Colonial Peripheries in World War I
546 _aEnglish[eng]
650 _aHumanities||History
700 _aBarry, Gearóid||Dal Lago, Enrico||Healy, Róisín
856 _uhttps://library.oapen.org/bitstream/20.500.12657/53830/1/9789004310018.pdf
942 _cEB
999 _c9452
_d9452